00414nam a2200157Ia 4500003000500000008004100005020002900046040001900075082000700094100002400101245007200125260002900197300001000226365000800236546001200244STCL221019s9999 xx 000 0 und d a9789350025000qHardbound aSTCLcSTCLbEN 222 aNilsen, Alf Gunvald 0aPolitics from below: essays on subalternity and resistance in India bAakar BooksaDelhic2017 a228 p b695 aEnglish